|
|
|
|
| LEADER |
00000naa2a2200000 4500 |
| 001 |
125852 |
| 005 |
20251203142736.0 |
| 035 |
|
|
|a (RuTPU)RU\TPU\book\136168
|
| 090 |
|
|
|a 125852
|
| 100 |
|
|
|a 20071121d2005 k y0rusy50 ca
|
| 101 |
0 |
|
|a rus
|
| 102 |
|
|
|a RU
|
| 135 |
|
|
|a drnn ---uucaa
|
| 181 |
|
0 |
|a i
|
| 182 |
|
0 |
|a b
|
| 200 |
1 |
|
|a Пеносиликатные материалы на основе диатомита Инзенского месторождения
|f В. А. Кутугин
|g науч. рук. В. А. Лотов
|
| 203 |
|
|
|a Текст
|c электронный
|
| 215 |
|
|
|a 1 файл ( 521 Кб)
|
| 300 |
|
|
|a Заглавие с титульного листа
|
| 300 |
|
|
|a Электронная версия печатной публикации
|
| 337 |
|
|
|a Adobe Reader
|
| 463 |
|
0 |
|0 (RuTPU)RU\TPU\book\111467
|y 5-89503-079-3
|t Проблемы геологии и освоения недр
|o труды Девятого международного симпозиума им. М. А. Усова, 2005 г. Томск
|f Томский политехнический университет; Проблемы геологии и освоения недр; под ред. Г. М. Ивановой, А. В. Шадриной
|v [С. 733-735]
|d 2005
|
| 610 |
1 |
|
|a Инзенское месторождение
|
| 610 |
1 |
|
|a диатомит
|
| 610 |
1 |
|
|a пеносиликатные материалы
|
| 610 |
1 |
|
|a стекло
|
| 610 |
1 |
|
|a жидкое стекло
|
| 610 |
1 |
|
|a электронный ресурс
|
| 610 |
1 |
|
|a труды учёных ТПУ
|
| 700 |
|
1 |
|a Кутугин
|b В. А.
|c химик-технолог
|c доцент Томского политехнического университета, кандидат технических наук
|f 1983-
|g Виктор Александрович
|3 (RuTPU)RU\TPU\pers\28913
|9 13646
|
| 702 |
|
1 |
|a Лотов
|b В. А.
|4 727
|
| 801 |
|
1 |
|a RU
|b 63413507
|c 20071121
|g PSBO
|
| 801 |
|
2 |
|a RU
|b 63413507
|c 20160425
|g RCR
|
| 856 |
4 |
|
|u http://www.lib.tpu.ru/fulltext/v/Conferences/2005/K01/196.pdf
|
| 942 |
|
|
|c CF
|